| 000 -LEADER |
| fixed length control field |
00673cam a2200169 a 4500 |
| 020 ## - INTERNATIONAL STANDARD BOOK NUMBER |
| ISBN |
0815513607 |
| 040 ## - CATALOGING SOURCE |
| Transcribing agency |
DLC |
| 082 00 - DEWEY DECIMAL CLASSIFICATION NUMBER |
| Classification number |
338 NOY 1995 A089 Or. |
| 245 00 - TITLE STATEMENT |
| Title |
Advanced software applications in Japan / |
| 260 ## - PUBLICATION, DISTRIBUTION, ETC. (IMPRINT) |
| Place of publication |
Park Ridge, N.J. : |
| Name of publisher |
Noyes Data Corp., |
| Year of publication |
c1995. |
| 300 ## - PHYSICAL DESCRIPTION |
| Number of Pages |
xxi, 653 p. : |
| Other physical details |
ill. ; |
| Dimensions |
27 cm. |
| 500 ## - GENERAL NOTE |
| General note |
Based on four reports: Knowledge based systems in Japan (1993); Database use and technology in Japan (1993); Machine translation in Japan (1992); Advanced computing in Japan (1900). |
| 650 #0 - SUBJECT ADDED ENTRY--TOPICAL TERM |
| Topical Term |
Application software |
| 700 1# - ADDED ENTRY--PERSONAL NAME |
| Personal name |
Feigenbaum, Edward A. |
| 856 42 - ELECTRONIC LOCATION AND ACCESS |
| Uniform Resource Identifier |
http://www.loc.gov/catdir/description/wap041/94023430.html |
| 942 ## - ADDED ENTRY ELEMENTS (KOHA) |
| Koha item type |
សៀវភៅភាសាអង់គ្លេស |
| 952 ## - LOCATION AND ITEM INFORMATION (KOHA) |
| Withdrawn status [LOCAL, KOHA] |
0 |